| 000 | 00723nam a2200193 i 4500 | ||
|---|---|---|---|
| 001 | 178965 | ||
| 003 | ES-MaACL | ||
| 005 | 20250701220536.0 | ||
| 008 | 110816s1901 fr |||| | fre d | ||
| 245 | 0 | 2 |
_aL'éducation morale dans l'Université _b: (enseignement secondaire), conférences et discussions / _cprésidées par M. Alfred Croiset. |
| 260 |
_aParis : _bFélix Alcan, _c1901. |
||
| 300 |
_aXI, 243 p. ; _c22cm. |
||
| 490 | 1 |
_aBibliothèque générale des sciences sociales ; _v11 |
|
| 650 | 4 |
_aEducación- _zFrancia. _9147613 |
|
| 700 | 0 |
_aCroiset, Alfred. _941668 |
|
| 830 | 0 | 0 |
_aBibliothèque générale des sciences sociales _v11 _9187778 |
| 852 |
_aES-MaACL _jC-23091 |
||
| 999 |
_c178965 _d178965 |
||